| 000 | 00443cam a2200181ua 4500 | ||
|---|---|---|---|
| 020 | _c5.00 | ||
| 041 |
_aeng _h |
||
| 082 |
_a633.84 _bDHA/RA |
||
| 100 | _aDharampal, Singh . | ||
| 245 |
_aRape and Mustard / _cDharampal singh. _hTextual Documents |
||
| 250 |
_a1 / _b. |
||
| 260 |
_aIndia : _bIndian central oilseeds committee , _c1958. |
||
| 300 | _a105 ; . | ||
| 365 | _a5.00 | ||
| 504 | _a | ||
| 942 | _cBK | ||
| 999 |
_c1306 _d1306 |
||